000 00594nam a22001817a 4500
005 20251108170542.0
008 250721s1998 xx 000 0 ara d
082 1 4 _aط/ق/فير
100 1 _aفيرن، جول
245 1 0 _aعشرون ألف فرسخ تحت الماء /
264 1 _aالقاهرة :
_bالهيئة المصرية العامة للكتاب،
_c1998.
300 _a253ص
490 0 _aروائع الأدب العالمي للناشئين
650 1 7 _aأدب الأطفال
700 1 _aعبد الفتاح، هند
_eترحمة
942 _2ddc
_cBK
999 _c43335
_d43335